[Event "Iuliu Szabo Memorial 2019"]
[Site "Satu Mare ROU"]
[Date "2019.08.08"]
[Round "9.13"]
[White "Turlea , Constantin"]
[Black "Trifan Andrei Ioan (GER)"]
[Result "0-1"]
[WhiteElo "1966"]
[BlackElo "2250"]
[PlyCount "58"]
[EventDate "2019.08.02"]

1. d4 Nf6 2. Nf3 g6 3. g3 Bg7 4. Bg2 O-O 5. O-O d6 6. b3 e5 7. dxe5 dxe5 8. Bb2
e4 9. Ng5 Qe7 10. e3 Bg4 11. Qc1 h6 12. Nxe4 Nxe4 13. Bxg7 Kxg7 14. f3 Qe5 15.
c3 Bf5 16. fxe4 Bxe4 17. Bxe4 Qxe4 18. c4 Re8 19. Qc3+ Kg8 20. Re1 Nc6 21. Nd2
Qg4 22. e4 Rad8 23. Re3 Ne5 24. Kg2 Rd3 25. Rxd3 Qe2+ 26. Kg1 Nxd3 27. Nf1 Qf2+
28. Kh1 Qf3+ 29. Kg1 Rxe4 0-1

[Event "Iuliu Szabo Memorial 2019"]
[Site "Satu Mare ROU"]
[Date "2019.08.07"]
[Round "8.7"]
[White "Balla, Tamas Kristof"]
[Black "Turlea , Constantin"]
[Result "1-0"]
[WhiteElo "2336"]
[BlackElo "1966"]
[PlyCount "53"]
[EventDate "2019.08.02"]

1. e4 d5 2. exd5 Qxd5 3. Nc3 Qd8 4. d4 g6 5. Nf3 Bg7 6. Be3 Nf6 7. h3 O-O 8.
Qd2 Re8 9. Bc4 e6 10. Bh6 Bh8 11. Bg5 b6 12. O-O-O Bb7 13. Qf4 a6 14. g4 b5 15.
Bb3 Nbd7 16. h4 Nb6 17. h5 Qd6 18. Ne5 Qe7 19. hxg6 fxg6 20. f3 Rf8 21. Qh2 Nc4
22. Ne4 Bxe4 23. fxe4 c5 24. Nxc4 bxc4 25. Bxc4 Qf7 26. Bxf6 Bxf6 27. Bxe6 1-0

[Event "Memorial Iuliu Szabo (open)"]
[Site "Satu-Mare (Romania)"]
[Date "2019.08.07"]
[Round "7"]
[White "Turlea , Constantin"]
[Black "Borsos Bogdan (UKR)"]
[Result "1-0"]
[WhiteElo "1938"]
[BlackElo "2211"]
[PlyCount "55"]
[EventDate "2019.??.??"]

1. d4 d5 2. Nf3 c5 3. e3 e6 4. b3 Nf6 5. Bd3 Nc6 6. O-O Bd6 7. Bb2 O-O 8. Ne5
Qc7 9. Nxc6 bxc6 10. h3 e5 11. dxe5 Bxe5 12. Bxe5 Qxe5 13. Nd2 a5 14. Nf3 Qc3
15. Qe1 Qxe1 16. Rfxe1 Re8 17. Rac1 a4 18. c4 axb3 19. axb3 Ra3 20. cxd5 cxd5
21. Rxc5 Rxb3 22. Bb5 Rd8 23. Nd4 Rb2 24. Ra1 Be6 25. Rc7 Ne8 26. Bxe8 Rxe8 27.
Nxe6 fxe6 28. Raa7 1-0

[Event "Iuliu Szabo Memorial 2019"]
[Site "Satu Mare ROU"]
[Date "2019.08.06"]
[Round "6.16"]
[White "Gheng, Dominik"]
[Black "Turlea , Constantin"]
[Result "0-1"]
[WhiteElo "2102"]
[BlackElo "1966"]
[PlyCount "68"]
[EventDate "2019.08.02"]

1. e4 c5 2. c4 Nc6 3. Nc3 g6 4. g3 Bg7 5. Bg2 e6 6. Nge2 Nge7 7. O-O d6 8. a3
Rb8 9. Rb1 O-O 10. d3 Nd4 11. b4 Nec6 12. Be3 Nxe2+ 13. Nxe2 Nd4 14. f4 b6 15.
Nxd4 cxd4 16. Bd2 Bd7 17. b5 Bc8 18. Bb4 Re8 19. f5 exf5 20. exf5 Bxf5 21. g4
Be6 22. Bc6 Rf8 23. Qf3 Be5 24. Rbe1 Qg5 25. h3 h5 26. Qg2 hxg4 27. Bf3 Kg7 28.
Bxg4 Bxg4 29. Qxg4 Qxg4+ 30. hxg4 Rh8 31. Re2 Rh3 32. Rd1 Rbh8 33. Be1 Rh1+ 34.
Kg2 R8h2+ 0-1

[Event "Iuliu Szabo Memorial 2019"]
[Site "Satu Mare ROU"]
[Date "2019.08.05"]
[Round "5.16"]
[White "Turlea , Constantin"]
[Black "Biro, Sandor"]
[Result "1/2-1/2"]
[WhiteElo "1966"]
[BlackElo "2174"]
[PlyCount "55"]
[EventDate "2019.08.02"]

1. d4 Nf6 2. Nf3 g6 3. g3 Bg7 4. Bg2 O-O 5. O-O d5 6. b3 Ne4 7. Bb2 c5 8. Nbd2
Nc6 9. e3 Bg4 10. h3 Nxd2 11. Qxd2 Bxf3 12. Bxf3 cxd4 13. exd4 e6 14. Rfd1 h5
15. h4 Kh7 16. Qd3 Rc8 17. a3 e5 18. dxe5 Nxe5 19. Bxe5 Bxe5 20. Rac1 Qb6 21.
Kg2 d4 22. Qe4 Bg7 23. Qxb7 Bh6 24. Qxb6 axb6 25. Rb1 Rxc2 26. Be4 Ra2 27. Ra1
Rb2 28. Rab1 1/2-1/2

[Event "Iuliu Szabo Memorial 2019"]
[Site "Satu Mare ROU"]
[Date "2019.08.04"]
[Round "4.27"]
[White "Turlea , Constantin"]
[Black "Gulyas, F."]
[Result "1-0"]
[WhiteElo "1966"]
[BlackElo "1780"]
[PlyCount "55"]
[EventDate "2019.08.02"]

1. d4 Nf6 2. Nf3 b5 3. g3 Bb7 4. Bg2 e6 5. O-O c5 6. e3 Be7 7. b3 Qb6 8. Bb2 c4
9. a4 bxa4 10. Rxa4 d5 11. Ba3 cxb3 12. Bxe7 bxc2 13. Qxc2 Kxe7 14. Qa2 Rc8 15.
Nbd2 Nc6 16. Qa3+ Ke8 17. Rb1 Qc7 18. Nb3 Ne4 19. Nbd2 Nxd2 20. Nxd2 a5 21. Nb3
Nb4 22. Nxa5 Nc2 23. Qa2 Ba6 24. Nb3 Bb7 25. Nc5 Rxa4 26. Qxa4+ Bc6 27. Qxc2
Ra8 28. Qxh7 1-0

[Event "Iuliu Szabo Memorial 2019"]
[Site "Satu Mare ROU"]
[Date "2019.08.04"]
[Round "3.12"]
[White "Voinescu, David-Ioan"]
[Black "Turlea , Constantin"]
[Result "1-0"]
[WhiteElo "2100"]
[BlackElo "1966"]
[PlyCount "57"]
[EventDate "2019.08.02"]

1. e4 c5 2. Nf3 d6 3. d4 cxd4 4. Nxd4 Nf6 5. Nc3 a6 6. Be3 e6 7. g4 b5 8. g5
Nfd7 9. a3 Nb6 10. f4 Bb7 11. Qg4 N8d7 12. O-O-O Rc8 13. Be2 Nc4 14. Bxc4 Rxc4
15. Rhf1 Qc7 16. f5 e5 17. Nb3 d5 18. Nxd5 Bxd5 19. Rxd5 Rxc2+ 20. Kb1 Bxa3 21.
Bc1 Rxh2 22. Qd1 Bb4 23. Be3 a5 24. Qd3 Nb6 25. Qxb5+ Kf8 26. Rc1 Nxd5 27. Qxd5
Qb8 28. Qd7 g6 29. Rc8+ 1-0

[Event "Iuliu Szabo Memorial 2019"]
[Site "Satu Mare ROU"]
[Date "2019.08.03"]
[Round "2.16"]
[White "Turlea , Constantin"]
[Black "Ionescu, Mihai"]
[Result "1/2-1/2"]
[WhiteElo "1966"]
[BlackElo "2285"]
[PlyCount "32"]
[EventDate "2019.08.02"]

1. d4 Nf6 2. Nf3 e6 3. e3 b6 4. Bd3 Bb7 5. Nbd2 c5 6. b3 d5 7. Bb2 Nbd7 8. O-O
Be7 9. Ne5 O-O 10. f4 Ne4 11. Nxe4 dxe4 12. Bc4 Nxe5 13. dxe5 Qxd1 14. Raxd1
Rad8 15. Be2 Rxd1 16. Rxd1 Rd8 1/2-1/2

[Event "12th Arad Open 2019"]
[Site "Arad ROU"]
[Date "2019.07.31"]
[Round "9.39"]
[White "Dobrin, Ionut-Alexandru"]
[Black "Turlea , Constantin"]
[Result "1-0"]
[WhiteElo "2142"]
[BlackElo "1938"]
[PlyCount "83"]
[EventDate "2019.07.24"]

1. d4 Nf6 2. c4 g6 3. Nc3 Bg7 4. e4 d6 5. f3 O-O 6. Bg5 c5 7. d5 e6 8. Qd2 exd5
9. cxd5 h6 10. Be3 h5 11. Bd3 Re8 12. Nge2 a6 13. a4 Nbd7 14. O-O Rb8 15. Rfb1
Ne5 16. b4 Nxd3 17. Qxd3 Nd7 18. bxc5 Nxc5 19. Bxc5 dxc5 20. Ra2 Bd7 21. a5 Qc7
22. Qc4 Be5 23. g3 h4 24. f4 Bg7 25. Rb6 hxg3 26. hxg3 Qc8 27. e5 Bf5 28. Ne4
Bxe4 29. Qxe4 Qg4 30. e6 fxe6 31. dxe6 Rbd8 32. e7 Rd1+ 33. Kg2 Qh5 34. Ng1
Rxe7 35. Qxe7 Qd5+ 36. Kh3 Qxa2 37. Qe8+ Kh7 38. Qxg6+ Kg8 39. Qe8+ Kh7 40.
Qh5+ Kg8 41. Qxd1 Qxa5 42. Qd8+ 1-0

[Event "12th Arad Open 2019"]
[Site "Arad ROU"]
[Date "2019.07.28"]
[Round "6.36"]
[White "Turlea , Constantin"]
[Black "Martian, Dragos Daniel"]
[Result "1-0"]
[WhiteElo "1938"]
[BlackElo "2201"]
[PlyCount "99"]
[EventDate "2019.07.24"]

1. d4 Nf6 2. Nf3 e6 3. c4 b6 4. Nc3 d5 5. g3 Bb7 6. Bg2 Nbd7 7. cxd5 Nxd5 8.
O-O Be7 9. Re1 N7f6 10. Qd3 O-O 11. e4 Nxc3 12. bxc3 c5 13. Bf4 cxd4 14. cxd4
Bb4 15. Nd2 Rc8 16. Rec1 h6 17. a3 Be7 18. Rc3 Rxc3 19. Qxc3 Qa8 20. Qc7 Re8
21. f3 Bf8 22. Qc3 Rc8 23. Qb2 Rc6 24. Rc1 Qc8 25. Nb1 Ba6 26. Bf1 Bxf1 27.
Kxf1 Qa6+ 28. Kf2 b5 29. Rxc6 Qxc6 30. Nc3 a6 31. Qb3 Nd7 32. Nb1 Be7 33. Bd2
Qb6 34. Be3 Qd6 35. a4 b4 36. Nd2 e5 37. d5 Nc5 38. Qc2 Nd7 39. Qc8+ Nf8 40.
Nc4 Qf6 41. Qb8 a5 42. Nxa5 g5 43. Qc8 Kg7 44. Nc4 Ng6 45. Qc6 b3 46. a5 Bd6
47. Nxd6 b2 48. Ne8+ Kf8 49. Bc5+ Ne7 50. Qxf6 1-0

[Event "12th Arad Open 2019"]
[Site "Arad ROU"]
[Date "2019.07.25"]
[Round "2.34"]
[White "Turlea , Constantin"]
[Black "Dicu, Razvan Stefan"]
[Result "0-1"]
[WhiteElo "1938"]
[BlackElo "2286"]
[PlyCount "74"]
[EventDate "2019.07.24"]

1. d4 Nf6 2. c4 c6 3. Nc3 d5 4. e3 a6 5. Nf3 b5 6. b3 Bg4 7. Be2 e6 8. O-O Nbd7
9. Bb2 Bd6 10. Rc1 O-O 11. Nb1 bxc4 12. bxc4 Bxf3 13. Bxf3 Bxh2+ 14. Kxh2 Qb8+
15. Kg1 Qxb2 16. Qa4 Nb6 17. Qxc6 Nxc4 18. Qa4 Rab8 19. Rc2 Qb5 20. Nc3 Qxa4
21. Nxa4 Nd7 22. Be2 Rb4 23. Bxc4 Rxc4 24. Rxc4 dxc4 25. Rc1 Rc8 26. Kf1 Kf8
27. Ke2 Ke7 28. Kd2 h5 29. Rb1 Rc7 30. Kc3 e5 31. Nb6 exd4+ 32. exd4 Rc6 33.
Nxc4 Nf6 34. Kd3 Nd5 35. g3 g5 36. Ne5 Rc3+ 37. Ke4 Ke6 0-1

[Event "22nd Cap Aurora Open 2018"]
[Site "Cap Aurora ROU"]
[Date "2018.06.24"]
[Round "2.4"]
[White "Turlea , Constantin"]
[Black "Anton, Teodor"]
[Result "1/2-1/2"]
[WhiteElo "2014"]
[BlackElo "2431"]
[PlyCount "84"]
[EventDate "2018.06.23"]

1. d4 g6 2. Nf3 Bg7 3. c4 d6 4. g3 Nd7 5. Bg2 e5 6. e4 Ne7 7. O-O O-O 8. Nc3
exd4 9. Nxd4 Nc6 10. Nxc6 bxc6 11. Qc2 Rb8 12. b3 c5 13. Bb2 Ne5 14. h3 Nc6 15.
Ne2 a5 16. Bxg7 Kxg7 17. f4 f6 18. Qc3 Bb7 19. Rae1 a4 20. g4 axb3 21. axb3 Kg8
22. Nc1 Nd4 23. b4 Ne6 24. b5 Nd4 25. Ne2 Nxe2+ 26. Rxe2 Ra8 27. Rfe1 Re8 28.
e5 Bxg2 29. Kxg2 fxe5 30. fxe5 d5 31. cxd5 Qxd5+ 32. Qf3 Qe6 33. Rd1 Rad8 34.
Rxd8 Rxd8 35. Qf6 Qd5+ 36. Qf3 c4 37. e6 Qxf3+ 38. Kxf3 Rb8 39. Re5 Kf8 40. Rc5
Ke7 41. Rxc7+ Kxe6 42. Rxc4 Rxb5 1/2-1/2

[Event "10th Arad Open 2017"]
[Site "Arad ROU"]
[Date "2017.08.06"]
[Round "1.1"]
[White "Turlea , Constantin"]
[Black "Zubov, A UKR."]
[Result "0-1"]
[WhiteElo "2015"]
[BlackElo "2614"]
[PlyCount "74"]
[EventDate "2017.??.??"]

1. d4 Nf6 2. Nf3 g6 3. c4 Bg7 4. Nc3 O-O 5. g3 c6 6. Bg2 d6 7. O-O Bf5 8. Nh4
Be6 9. b3 Qc8 10. Re1 Bh3 11. Bh1 e5 12. dxe5 dxe5 13. Ba3 Re8 14. Qc2 Nbd7 15.
Rad1 Nf8 16. Nf3 Bf5 17. e4 Bg4 18. c5 N6d7 19. Bg2 Ne6 20. Ne2 Bf8 21. b4 a5
22. Rxd7 Bxf3 23. Rd3 Bxe2 24. Qxe2 axb4 25. Bxb4 Bxc5 26. Bxc5 Nxc5 27. Rd6
Qc7 28. Rd2 Red8 29. Red1 Ne6 30. Qe3 Rxd2 31. Rxd2 Rd8 32. h4 Rxd2 33. Qxd2 h5
34. Bh3 Nd4 35. Kg2 c5 36. f4 c4 37. f5 Qc6 0-1

[Event "21st Cap Aurora Open 2017"]
[Site "Cap Aurora ROU"]
[Date "2017.06.26"]
[Round "3.10"]
[White "Turlea , Constantin"]
[Black "Baratosi, Daniel"]
[Result "0-1"]
[WhiteElo "2043"]
[BlackElo "2368"]
[PlyCount "36"]
[EventDate "2017.06.24"]

1. d4 g6 2. c4 Bg7 3. Nc3 d6 4. g3 Nc6 5. Nf3 Bg4 6. d5 Bxf3 7. exf3 Nd4 8. Be3
e5 9. dxe6 Nxe6 10. Bg2 Ne7 11. Qd2 O-O 12. Bh6 Bxh6 13. Qxh6 Nf5 14. Qd2 Nfd4
15. f4 c6 16. h4 Qa5 17. O-O Qb4 18. b3 Qxc3 0-1

[Event "9th Arad Open 2016"]
[Site "Arad ROU"]
[Date "2016.08.12"]
[Round "9.30"]
[White "Vasile, Claudiu Daniel"]
[Black "Turlea , Constantin"]
[Result "1-0"]
[WhiteElo "2226"]
[BlackElo "2017"]
[PlyCount "83"]
[EventDate "2016.08.06"]

1. e4 e5 2. Nf3 Nc6 3. Bc4 Bc5 4. O-O Nf6 5. d4 Bxd4 6. Nxd4 Nxd4 7. f4 Qe7 8.
Be3 d6 9. Bxd4 exd4 10. Qxd4 O-O 11. Nc3 Be6 12. Rae1 Bxc4 13. Qxc4 c6 14. Qd4
Rfe8 15. h3 b5 16. e5 dxe5 17. Rxe5 Qc7 18. Rfe1 Qb6 19. Rxe8+ Rxe8 20. Rxe8+
Nxe8 21. Qxb6 axb6 22. Kf2 Nd6 23. Ne2 c5 24. Nc3 Kf8 25. Nd5 Nc8 26. c3 f5 27.
Ke2 Kf7 28. b4 g6 29. Kd3 h6 30. h4 Kf8 31. Nc7 cxb4 32. cxb4 Nd6 33. Kd4 Kf7
34. Kd5 Nc4 35. Kc6 Ne3 36. g3 Nf1 37. Kxb5 Nxg3 38. Kxb6 Ne2 39. a4 Nxf4 40.
a5 g5 41. hxg5 hxg5 42. a6 1-0

[Event "Festivalul International de sah Arad 20"]
[Site "Arad"]
[Date "2016.08.10"]
[Round "7.55"]
[White "Dragoi, Tudor"]
[Black "Turlea , Constantin"]
[Result "0-1"]
[WhiteElo "1742"]
[BlackElo "2017"]
[PlyCount "50"]
[EventDate "2016.08.06"]

1. d4 d5 2. c4 e6 3. cxd5 exd5 4. Nf3 Nf6 5. Bg5 Be7 6. Nc3 O-O 7. Rc1 c6 8. h3
Re8 9. e3 Bf5 10. Nh4 Be4 11. f3 Nfd7 12. fxe4 Bxg5 13. Nf5 dxe4 14. h4 Be7 15.
Qg4 g6 16. Nxe4 Qa5+ 17. Nc3 Qxf5 18. Qxf5 gxf5 19. Bd3 f4 20. e4 Nf6 21. Kf2
Nbd7 22. Ne2 Nh5 23. Kf3 Rad8 24. Nxf4 Nxf4 25. Kxf4 Nc5 0-1

[Event "arad2016"]
[Site "?"]
[Date "2016.08.10"]
[Round "6.28"]
[White "Turlea , Constantin"]
[Black "Pavlov, Sergey"]
[Result "0-1"]
[WhiteElo "2017"]
[BlackElo "2473"]
[PlyCount "68"]
[EventDate "2016.??.??"]

1. d4 {(%clk 1:30:30)} d5 {(%clk 1:30:30)} 2. Nf3 {(%clk 1:30:30)} Nf6 {
(%clk 1:30:30)} 3. e3 {(%clk 1:30:30)} g6 {(%clk 1:31:08)} 4. c4 {
(%clk 1:31: 17)} Bg7 {(%clk 1:31:29)} 5. Qb3 {(%clk 1:31:42)} O-O {
(%clk 1:28:42)} 6. Nc3 {(%clk 1:32:03)} e6 {(%clk 1:24:20)} 7. Be2 {
(%clk 1:31:22)} b6 {(%clk 1:19:14)} 8. O-O {(%clk 1:31:27)} Bb7 {(%clk 1:19:35)
} 9. Rd1 {(%clk 1:27:37)} Nbd7 {(%clk 1:16:35)} 10. a4 {(%clk 1:26:59)} c5 {
(%clk 1:10:58)} 11. cxd5 {(%clk 1: 21:10)} Nxd5 {(%clk 1:04:32)} 12. a5 {
(%clk 1:14:28)} cxd4 {(%clk 0:58:10)} 13. exd4 {(%clk 1:10:29)} a6 {
(%clk 0:50:27)} 14. Bg5 {(%clk 0:57:30)} f6 {(%clk 0: 47:22)} 15. Bd2 {
(%clk 0:56:27)} b5 {(%clk 0:47:28)} 16. Nxd5 {(%clk 0:45:01)} Bxd5 {
(%clk 0:47:19)} 17. Qa3 {(%clk 0:45:18)} Rf7 {(%clk 0:44:29)} 18. Rac1 {
(%clk 0:45:09)} Nb8 {(%clk 0:42:03)} 19. Rc2 {(%clk 0:35:30)} Nc6 {
(%clk 0:37: 39)} 20. Rdc1 {(%clk 0:33:16)} Bf8 {(%clk 0:37:35)} 21. b4 {
(%clk 0:31:31)} Qd6 {(%clk 0:35:08)} 22. Rc5 {(%clk 0:24:22)} Qd7 {
(%clk 0:34:14)} 23. R5c2 {(%clk 0:23:14)} Rd8 {(%clk 0:33:24)} 24. h3 {
(%clk 0:13:44)} Be4 {(%clk 0:28: 54)} 25. Rb2 {(%clk 0:12:51)} Ne7 {
(%clk 0:25:20)} 26. Re1 {(%clk 0:07:51)} Bd5 {(%clk 0:23:35)} 27. Rc2 {
(%clk 0:07:19)} Nf5 {(%clk 0:22:31)} 28. Bf4 {(%clk 0:05:48)} Qa7 {
(%clk 0:16:40)} 29. Rec1 {(%clk 0:02:11)} Nxd4 {(%clk 0: 11:21)} 30. Nxd4 {
(%clk 0:02:34)} Qxd4 {(%clk 0:11:43)} 31. Bd2 {(%clk 0:01:25)} Bd6 {
(%clk 0:09:28)} 32. Rc8 {(%clk 0:00:32)} Rff8 {(%clk 0:07:04)} 33. Rxd8 {
(%clk 0:00:49)} Rxd8 {(%clk 0:07:28)} 34. Rd1 {(%clk 0:00:34)} Qe5 {
(%clk 0: 06:36)} 0-1

[Event "arad2016"]
[Site "?"]
[Date "2016.08.08"]
[Round "4.26"]
[White "Turlea , Constantin"]
[Black "Bonte, Andrei-Mihai"]
[Result "0-1"]
[WhiteElo "2017"]
[BlackElo "2336"]
[PlyCount "72"]
[EventDate "2016.??.??"]

1. d4 {(%clk 1:30:58)} Nf6 {(%clk 1:30:38)} 2. Nf3 {(%clk 1:31:21)} d5 {
(%clk 1:30:34)} 3. e3 {(%clk 1:31:40)} e6 {(%clk 1:29:14)} 4. Bd3 {
(%clk 1:31: 45)} c5 {(%clk 1:29:04)} 5. c3 {(%clk 1:32:09)} Nc6 {(%clk 1:29:13)
} 6. Nbd2 {(%clk 1:31:59)} Bd6 {(%clk 1:29:18)} 7. dxc5 {(%clk 1:30:02)} Bxc5 {
(%clk 1:29: 40)} 8. b4 {(%clk 1:30:28)} Bd6 {(%clk 1:29:42)} 9. a3 {
(%clk 1:30:48)} a5 {(%clk 1:20:56)} 10. Bb2 {(%clk 1:26:54)} O-O {
(%clk 1:16:36)} 11. O-O {(%clk 1: 27:07)} e5 {(%clk 1:06:08)} 12. e4 {
(%clk 1:23:40)} Bg4 {(%clk 1:00:57)} 13. h3 {(%clk 1:18:33)} Bh5 {
(%clk 0:58:33)} 14. exd5 {(%clk 1:15:00)} Nxd5 {(%clk 0: 58:49)} 15. Qc2 {
(%clk 1:07:08)} Kh8 {(%clk 0:36:53)} 16. b5 {(%clk 0:44:44)} Nce7 {
(%clk 0:34:04)} 17. c4 {(%clk 0:33:53)} Nf4 {(%clk 0:32:53)} 18. Be4 {
(%clk 0:33:41)} Qb8 {(%clk 0:17:52)} 19. Rfe1 {(%clk 0:21:58)} f5 {
(%clk 0:16: 01)} 20. Bd5 {(%clk 0:17:43)} Nexd5 {(%clk 0:14:06)} 21. cxd5 {
(%clk 0:18:04)} e4 {(%clk 0:13:49)} 22. Qc3 {(%clk 0:13:56)} Qc7 {
(%clk 0:12:51)} 23. Qxc7 {(%clk 0:05:52)} Bxc7 {(%clk 0:13:10)} 24. Ng5 {
(%clk 0:03:31)} Rae8 {(%clk 0: 09:27)} 25. Nc4 {(%clk 0:01:52)} Nxd5 {
(%clk 0:06:31)} 26. g4 {(%clk 0:00:33)} fxg4 {(%clk 0:06:39)} 27. hxg4 {
(%clk 0:00:44)} Bxg4 {(%clk 0:06:54)} 28. Rxe4 {(%clk 0:00:34)} Rxe4 {
(%clk 0:06:14)} 29. Nxe4 {(%clk 0:01:01)} Be2 {(%clk 0: 05:26)} 30. Ncd6 {
(%clk 0:00:36)} Bb6 {(%clk 0:05:02)} 31. Nxb7 {(%clk 0:00:34)} Rf4 {
(%clk 0:04:42)} 32. Nbd6 {(%clk 0:00:33)} Rg4+ {(%clk 0:04:44)} 33. Kh2 {
(%clk 0:00:44)} Bc7 {(%clk 0:03:47)} 34. Rg1 {(%clk 0:00:34)} Rxe4 {
(%clk 0: 02:31)} 35. Rxg7 {(%clk 0:00:33)} Bxd6+ {(%clk 0:02:54)} 36. Rg3+ {
(%clk 0:00: 48)} Be5 {(%clk 0:02:57)} 0-1

[Event "Festivalul International de sah Arad 20"]
[Site "Arad"]
[Date "2016.08.07"]
[Round "3.71"]
[White "Andrei, Gabriel"]
[Black "Turlea , Constantin"]
[Result "0-1"]
[WhiteElo "1346"]
[BlackElo "2017"]
[Annotator "volvomanfh12"]
[PlyCount "23"]
[EventDate "2016.08.06"]

1. e4 c5 2. Nf3 d6 3. c3 Nc6 4. d4 cxd4 5. Bb5 dxc3 6. Nxc3 a6 7. Bc4 e6 8. O-O
Be7 9. Bf4 Nf6 10. Nd5 Nxd5 11. Qxd5 {Scris indescifrabil.} e5 12. Bxe5 0-1

[Event "Festivalul International de sah Arad 20"]
[Site "Arad"]
[Date "2016.08.07"]
[Round "2.56"]
[White "Turlea , Constantin"]
[Black "Ghita, Vlad Bogdan"]
[Result "1-0"]
[WhiteElo "2017"]
[BlackElo "1868"]
[PlyCount "73"]
[EventDate "2016.08.06"]

1. d4 Nf6 2. Nf3 g6 3. c4 Bg7 4. Nc3 O-O 5. e4 d6 6. g3 c6 7. Bg2 Qa5 8. O-O
Nbd7 9. Re1 e5 10. Bd2 Qc7 11. h3 exd4 12. Nxd4 Ne5 13. b3 a6 14. Qc2 c5 15.
Nde2 Rb8 16. Nf4 b5 17. Ncd5 Nxd5 18. Nxd5 Qb7 19. Bc3 Be6 20. Rad1 f5 21. f4
Nc6 22. e5 dxe5 23. Bxe5 Bxe5 24. fxe5 bxc4 25. Qxc4 Qf7 26. Qxc5 Qa7 27. Qxa7
Nxa7 28. Nc7 Bc8 29. e6 Nb5 30. e7 Nxc7 31. exf8=Q+ Kxf8 32. Rd8+ Kf7 33. Rc1
Ke7 34. Rf8 Ne8 35. Re1+ Be6 36. Bd5 Rb6 37. Rxe8+ 1-0

[Event "arad2016"]
[Site "?"]
[Date "2016.08.06"]
[Round "1.26"]
[White "Toma, Radu Cristian"]
[Black "Turlea , Constantin"]
[Result "1-0"]
[WhiteElo "2303"]
[BlackElo "2017"]
[PlyCount "67"]
[EventDate "2016.??.??"]

1. Nf3 {(%clk 1:30:56)} d5 {(%clk 1:30:46)} 2. e3 {(%clk 1:28:30)} c5 {
(%clk 1: 30:19)} 3. Be2 {(%clk 1:24:50)} Nc6 {(%clk 1:30:32)} 4. d4 {
(%clk 1:24:39)} e6 {(%clk 1:30:54)} 5. O-O {(%clk 1:24:46)} Nf6 {(%clk 1:31:17)
} 6. a3 {(%clk 1: 20:20)} Bd6 {(%clk 1:30:22)} 7. dxc5 {(%clk 1:20:41)} Bxc5 {
(%clk 1:30:45)} 8. b4 {(%clk 1:20:41)} Bd6 {(%clk 1:31:07)} 9. Bb2 {
(%clk 1:20:46)} O-O {(%clk 1: 31:28)} 10. Nbd2 {(%clk 1:17:21)} Re8 {
(%clk 1:29:16)} 11. c4 {(%clk 1:13:25)} Bf8 {(%clk 1:24:36)} 12. cxd5 {
(%clk 1:08:56)} Nxd5 {(%clk 1:24:43)} 13. Nc4 {(%clk 1:06:28)} b5 {
(%clk 1:17:08)} 14. Nce5 {(%clk 1:06:41)} Nxe5 {(%clk 1:17: 31)} 15. Nxe5 {
(%clk 1:05:28)} a6 {(%clk 1:16:44)} 16. Bh5 {(%clk 0:34:44)} g6 {(%clk 1:11:55)
} 17. Qf3 {(%clk 0:29:28)} f6 {(%clk 0:56:30)} 18. Nxg6 {(%clk 0:29:12)} hxg6 {
(%clk 0:56:54)} 19. Bxg6 {(%clk 0:29:39)} Re7 {(%clk 0: 56:27)} 20. e4 {
(%clk 0:29:14)} Rg7 {(%clk 0:56:30)} 21. Bh5 {(%clk 0:28:25)} Bb7 {
(%clk 0:47:53)} 22. Bg4 {(%clk 0:25:45)} Qe7 {(%clk 0:36:10)} 23. exd5 {
(%clk 0:24:02)} Bxd5 {(%clk 0:36:22)} 24. Qh3 {(%clk 0:23:17)} e5 {
(%clk 0:32: 36)} 25. Rfd1 {(%clk 0:21:34)} Bc4 {(%clk 0:22:58)} 26. Rd7 {
(%clk 0:14:30)} Qe8 {(%clk 0:23:15)} 27. Rad1 {(%clk 0:14:25)} Ra7 {
(%clk 0:22:54)} 28. Rd8 {(%clk 0:12:52)} Qc6 {(%clk 0:15:47)} 29. Rc8 {
(%clk 0:07:01)} Rac7 {(%clk 0:12: 45)} 30. Bf3 {(%clk 0:06:52)} Qb6 {
(%clk 0:06:54)} 31. Rdd8 {(%clk 0:06:26)} Rxc8 {(%clk 0:06:58)} 32. Qxc8 {
(%clk 0:06:31)} Rf7 {(%clk 0:05:45)} 33. Bh5 {(%clk 0:06:31)} Qe6 {
(%clk 0:05:39)} 34. Qxe6 {(%clk 0:05:48)} 1-0

[Event "20th Cap Aurora Open 2016"]
[Site "Cap Aurora ROU"]
[Date "2016.07.02"]
[Round "9.11"]
[White "Turlea , Constantin"]
[Black "Vasile, Claudiu Daniel"]
[Result "1/2-1/2"]
[WhiteElo "2037"]
[BlackElo "2241"]
[PlyCount "66"]
[EventDate "2016.06.25"]

1. d4 d5 2. c4 e6 3. Nc3 Nf6 4. cxd5 exd5 5. Bg5 Be7 6. e3 O-O 7. Bd3 h6 8. Bh4
b6 9. Nge2 Bb7 10. O-O Nbd7 11. Qc2 c5 12. Rad1 c4 13. Bf5 Ne8 14. Bg3 Nd6 15.
Bxd6 Bxd6 16. f3 Qe7 17. e4 g6 18. Bh3 Rad8 19. e5 Nxe5 20. dxe5 Qxe5 21. Ng3
Bc5+ 22. Kh1 Rfe8 23. b3 d4 24. Nce4 c3 25. Nxc5 bxc5 26. Ne4 Ba6 27. Rg1 f5
28. Nf2 Qe2 29. Bxf5 gxf5 30. Qxf5 Qe6 31. Qxc5 Rd5 32. Qc7 Qd6 33. Qxa7 Rh5
1/2-1/2

[Event "20th Cap Aurora Open 2016"]
[Site "Cap Aurora ROU"]
[Date "2016.06.26"]
[Round "2.7"]
[White "Turlea , Constantin"]
[Black "Bogdan , Dan"]
[Result "0-1"]
[WhiteElo "2037"]
[BlackElo "2397"]
[PlyCount "120"]
[EventDate "2016.06.25"]

1. d4 f5 2. c4 Nf6 3. Nc3 d6 4. Nf3 g6 5. h4 c6 6. g3 Bg7 7. Bg2 O-O 8. O-O Qc7
9. d5 Na6 10. Rb1 Bd7 11. b4 Kh8 12. Qb3 cxd5 13. cxd5 Rac8 14. Bb2 Qc4 15. Ba1
Ng4 16. Rfc1 Qxb3 17. Rxb3 Rc4 18. Nd2 Rc7 19. e3 Rfc8 20. Bf1 b5 21. a3 Nb8
22. Ndb1 a6 23. Bb2 e5 24. Ne2 Rxc1 25. Nxc1 Rc2 26. Ne2 e4 27. Bxg7+ Kxg7 28.
Rc3 Rxc3 29. Nbxc3 Kf6 30. Bg2 Ne5 31. Nd4 Nc4 32. Nc2 Bc8 33. Bf1 Nb6 34. Be2
Bb7 35. Kf1 Ke5 36. Ke1 Bxd5 37. Nxd5 Kxd5 38. Kd2 Nc6 39. Kc3 Ke5 40. Bf1 d5
41. Be2 Na4+ 42. Kd2 d4 43. exd4+ Nxd4 44. Bd1 Nxc2 45. Bxc2 h6 46. Bb3 g5 47.
hxg5 hxg5 48. Bf7 Nb6 49. Kc3 Nd5+ 50. Kd2 f4 51. gxf4+ gxf4 52. Be8 Kd4 53.
Bc6 Nb6 54. Bb7 Nc4+ 55. Ke2 f3+ 56. Ke1 Nxa3 57. Bxa6 e3 58. fxe3+ Kxe3 59.
Bc8 f2+ 60. Kf1 Nc4 0-1

[Event "3rd Iasi Open"]
[Site "?"]
[Date "2016.06.13"]
[Round "?"]
[White "Maiorov, Nikita"]
[Black "Turlea , Constantin"]
[Result "1-0"]
[WhiteElo "2541"]
[BlackElo "2037"]
[PlyCount "55"]
[EventDate "2016.??.??"]

1. g3 d5 2. Nf3 Nf6 3. Bg2 e6 4. b3 Bd6 5. Bb2 Nbd7 6. O-O O-O 7. c4 Re8 8. d4
c5 9. cxd5 exd5 10. Nc3 Bf8 11. Rc1 b6 12. dxc5 Nxc5 13. b4 Nce4 14. Nb5 Bd6
15. Nfd4 Ba6 16. Nxd6 Qxd6 17. b5 Bb7 18. f3 Nc5 19. Qd2 Rad8 20. Nf5 Qf8 21.
Qd4 Rxe2 22. Rb1 Ncd7 23. Rfc1 Rc8 24. Bf1 Rec2 25. Rxc2 Rxc2 26. Qa4 g6 27.
Qxc2 Nb8 28. Ra1 1-0